00899nam a22001937a 4500003000500000040000600005082001600011100002800027245015400055264003500209300001100244505018100255650002800436690003000464700004200494942001200536999001900548952013800567NUST a0 a621.382,HUS aHussain, Fahad 9118371 aAI-Based Digital WSI Scanner for Cancer Detection (CANCERSCOPEX) /cFahad Hussain, Hassaan Sami, Saad Gondal and Muneeb Ur Rehman. (TCC-31 / BETE-56) aRawalpindi bMCS (NUST) c2023 a69 p.; aIntroduction (Page-12), Literature Review (Page-26), Interfacing and Detection (Page-33), Code Analysis and Evaluation (Page-47), Conclusion (Page-60), Future Work (Page-61).  a UG EE Project 9118090 aTCC-31 / BETE-56 9118237 aSupervised by Dr. Alina Mirza9131736 2ddccPR c603332d603332 00104070aMCSbMCScTHEd2023-10-05l1o621.382,HUSpMCSPTC-453r2024-05-17s2024-04-30w2023-10-05yPRzAlmirah No. 70, Shelf No.3